[Event "ARG-ch sf 90th"]
[Site "Buenos Aires"]
[Date "2015.08.21"]
[Round "2"]
[White "Carpenter, Sergio"]
[Black "Quiroga, Facundo"]
[Result "0-1"]
[WhiteElo "1816"]
[BlackElo "2283"]
[PlyCount "84"]
[EventDate "2015.08.20"]
[EventType "swiss"]
[EventRounds "9"]
[EventCountry "ARG"]
[SourceTitle "EXT 2016"]
[Source "ChessBase"]
[SourceDate "2015.10.08"]
[SourceVersion "1"]
[SourceVersionDate "2015.10.08"]
[SourceQuality "1"]

1. e4 c5 2. c3 Nf6 3. e5 Nd5 4. g3 d6 5. exd6 Qxd6 6. Bg2 Nc6 7. Nf3 Qe6+ 8. Qe2 Qxe2+ 9. Kxe2 Bg4 10. h3 Bh5 11. d3 0-0-0 12. Be3 e5 13. g4 Bg6 14. Rd1 Be7 15. d4 exd4 16. cxd4 Nxe3 17. fxe3 cxd4 18. Nxd4 Nxd4+ 19. exd4 Bf6 20. Nc3 Rhe8+ 21. Kf1 Rxd4 22. Rxd4 Bxd4 23. Rd1 Bxc3 24. bxc3 Re3 25. Rc1 Kc7 26. a4 h5 27. Kf2 Re5 28. c4 b6 29. Bd5 f6 30. Rg1 h4 31. Kf3 Bc2 32. Rc1 Bd3 33. Ra1 a5 34. Rc1 Kd6 35. Rc3 Be2+ 36. Kf2 Bd1 37. Ra3 Kc5 38. Ra1 Bb3 39. Bf7 Kb4 40. Rb1 Kxa4 41. Rxb3 Kxb3 42. c5+ Kb2 0-1